| 000 | 00429cam a2200181ua 4500 | ||
|---|---|---|---|
| 001 | 3155 | ||
| 008 | 110929n ii |||gr||||Z||||||asm | ||
| 040 | _cMAIN | ||
| 082 | _a891.4513 | ||
| 100 | 1 | _aGoswami, Arun , | |
| 245 | 1 | 1 |
_aPitri biyog _cby Arun Goswami |
| 250 | _a1st. | ||
| 260 |
_aKolkata: _bBhawani publishing concern,977. |
||
| 300 |
_a34p: _c23cm. |
||
| 653 | _aAssamese novel | ||
| 653 | _aPitri biyog | ||
| 942 | _cBK | ||
| 999 |
_c3001 _d3001 |
||